书目信息 |
| 题名: |
劳动价值学说新探
|
|
| 作者: | 晏智杰 著 | |
| 分册: | ||
| 出版信息: | 北京 北京大学出版社 2001 |
|
| 页数: | 460 | |
| 开本: | 18cm | |
| 丛书名: | ||
| 单 册: | ||
| 中图分类: | F031.3 | |
| 科图分类: | ||
| 主题词: | 资本主义社会--生产方式 | |
| 电子资源: | ||
| ISBN: | 7-301-04886-6 | |
| 000 | 00534nam0 2200181 450 | |
| 001 | 0753815641 | |
| 005 | 20070930145655.64 | |
| 010 | @a7-301-04886-6@d¥25.00 | |
| 100 | @a20070930d km y0chiy0120 ea | |
| 101 | 0 | @achi |
| 200 | 1 | @a劳动价值学说新探@Alao dong jia zhi xue shuo xin tan@f晏智杰著@Fyan zhi jie zhu |
| 210 | @a北京@c北京大学出版社@d2001 | |
| 215 | @a460@d18cm | |
| 606 | 0 | @a资本主义社会@x生产方式 |
| 690 | @aF031.3@v3 | |
| 701 | 0 | @a晏智杰@Ayan zhi jie@4著 |
| 801 | 0 | @aCN@bPFT@c20070930 |
| 905 | @a213230@dF031.3@eg121@f1 | |
| 劳动价值学说新探/晏智杰著.-北京:北京大学出版社,2001 |
| 460;18cm |
| ISBN 7-301-04886-6:¥25.00 |
| ● |
| 相关链接 |
|
|
|
|
正题名:劳动价值学说新探
索取号:F031.3/g121
 
预约/预借
| 序号 | 登录号 | 条形码 | 馆藏地/架位号 | 状态 | 备注 |
| 1 | 6503831 | 265038318 | 密集书库-海洋学院/ [索取号:F031.3/g121] | 在馆 |